000 00264nam a22000977a 4500
020 _a0439219493
100 _aDan Greenburg
245 _aMaximum Boy: Starring in Attack of the Soggy Underwater People /
260 _aNew York
_b Scholastic Inc
_c2001.
942 _cBK
999 _c266218
_d266217